Psicología evolutiva del niño y del adolescente
Salvato in:
| Autore principale: | |
|---|---|
| Natura: | Libro |
| Lingua: | spagnolo |
| Pubblicazione: |
Buenos Aires
El Ateneo
1967
|
| Edizione: | 11a. ed |
| Soggetti: | |
| Tags: |
Aggiungi Tag
Nessun Tag, puoi essere il primo ad aggiungerne!!
|
MARC
| LEADER | 00000nam a2200000 a 4500 | ||
|---|---|---|---|
| 001 | UCY6128 | ||
| 003 | CL-VaPUC | ||
| 008 | 950521e19670000AG |||||||||||||||||spa|d | ||
| 082 | 0 | 4 | |a 155.7 |b MIR |2 21 |
| 100 | |a Mira y López, Emilio |e autor |9 570732 | ||
| 245 | 1 | 0 | |a Psicología evolutiva del niño y del adolescente |
| 250 | |a 11a. ed | ||
| 300 | |a 252 p | ||
| 942 | |c BK | ||
| 945 | |d 19950521 00:00:00 |a cmena | ||
| 260 | |a Buenos Aires |b El Ateneo |c 1967 | ||
| 650 | 0 | |a Psicología |9 257863 | |
| 650 | 0 | |a Psicología del desarrollo |9 307541 | |
| 650 | 0 | |a Psicología del adolescente |9 307864 | |
| 650 | 0 | |a Psicología del niño |9 307305 | |
| 650 | 0 | |a Aprendizaje |9 254827 | |
| 650 | 0 | |a Desarrollo afectivo |9 334359 | |
| 650 | 7 | |a DESARROLLO DE LA PERSONALIDAD |2 CL-VaPUC |9 311216 | |
| 650 | 0 | |a Desarrollo mental |9 313003 | |
| 650 | 7 | |a DESARROLLO FISIOLOGICO |2 CL-VaPUC |9 312423 | |
| 650 | 7 | |a DIFERENCIACION DE CLASE |2 CL-VaPUC |9 335841 | |
| 650 | 0 | |a Clases sociales |9 256858 | |
| 650 | 0 | |a Salud mental |9 308393 | |
| 650 | 0 | |a Adolescentes |9 308058 | |
| 650 | 0 | |a Niños |9 255605 | |
| 583 | |a last modification |c 19950521 00:00:00 |k Rodrigo Vera | ||
| 999 | |c 233711 |d 233709 | ||
| 952 | |0 0 |1 0 |4 0 |6 155_700000000000000_MIR_1967 |7 0 |8 P |9 239412 |a BIBEDU |b BIBEDU |d 2019-11-18 |i 1504290 |o 155.7 MIR 1967 |p 1504290 |r 2024-01-25 |w 2019-11-18 |y BK |k EDU | ||